Top 30 Città più popolose non Capoluogo Nord Italia - Statistics

Statistiche generali
  • Questo quiz è stato fatto 245 volte
    217 dall'ultimo reset
  • Il punteggio medio è 11 su 30
Statistiche sulle risposte
Popolazione Regione Città % Corretto
83 340 Lombardia Busto Arsizio
76%
50 540 Lombardia Rho
73%
81 822 Lombardia Sesto San Giovanni
69%
69 951 Emilia-Romagna Imola
59%
75 659 Lombardia Cinisello Balsamo
58%
54 824 Liguria Sanremo
53%
71 060 Emilia-Romagna Carpi
52%
39 623 Trentino-Alto Adige Rovereto
49%
60 259 Lombardia Legnano
47%
40 372 Trentino-Alto Adige Merano
47%
58 836 Emilia-Romagna Faenza
45%
63 505 Lombardia Vigevano
45%
57 530 Piemonte Moncalieri
42%
42 364 Veneto Bassano del Grappa
39%
53 145 Lombardia Gallarate
38%
40 873 Emilia-Romagna Sassuolo
36%
47 827 Veneto Chioggia
34%
41 579 Veneto San Donà di Piave
32%
41 441 Lombardia Rozzano
28%
45.792 Piemonte Settimo Torinese
25%
46 784 Lombardia Cologno Monzese
23%
39 131 Veneto Schio
23%
44 854 Lombardia Seregno
23%
46.179 Piemonte Nichelino
20%
41 628 Lombardia Desio
19%
46 189 Lombardia Lissone
19%
47.120 Piemonte Rivoli
17%
48.268 Piemonte Collegno
15%
47 019 Lombardia Paderno Dugnano
13%
39 303 Lombardia Cesano Maderno
10%
Nessun quiz corrispondente trovato
Distribuzione punteggi
Percentuale di utenti per punteggio
Percentile per numero di risposta
I tuoi punteggi nel tempo
Non hai fatto questo quiz dall'ultimo reset